00623 2200229 4500001002100000005001500021035002000036245008800056100002300144250000600167300003100173700001800204260002700222082001000249084001600259020001800275650003200293990001700325990001700342990001700359990001700376INLIS00000000000068120190125033947 a0010-01190001371 aPeluang Usaha Beternak Bebek Darat /cBambang Marhiyanto; penyunting, Titik Oktia M0 aBambang Marhiyanto a- a48 hlm. :bilus. ;c21 cm.0 aTitik Oktia M aSurabaya :bSIC,c2010 a636.5 a636.5 BAM p a979-9415-41-1 aPeternakan Unggas ( Bebek ) a02568/P/2018 a02569/P/2018 a02570/P/2018 a02571/P/2018